00491nam a22001817a 4500003000400000005001700004008004100021020001800062040003700080082001600117100002400133245003200157260005300189300001000242650001000252650002500262650002200287OSt20260305163300.0260305b |||||||| |||| 00| 0 eng d a9789389982312 bEnglishcCentral Library IIT Goa a153.42bARY aArya, P. K.eauthor aSmaran Shakti /cP. K. Arya aNew Delhi :bPrabhat Prakashan Pvt. Ltd. ,c2025 a109p. aHindi aSelf-help techniques aApplied psycology